Statistics for Seven Letter Geography #1

Click here to take the quiz!

General Stats

  • This quiz has been taken 57,951 times
    (57,920 since last reset)
  • The average score is 12 of 24

Answer Stats

DescriptionAnswer% Correct
Largest oceanPacific
98%
Neighbor of Scotland and WalesEngland
90%
"The Windy City"Chicago
81%
Bob Marley's home countryJamaica
80%
Burma, to someMyanmar
79%
U.S. state or Asian countryGeorgia
77%
Capital of Northern IrelandBelfast
69%
The vast Eastern regions of RussiaSiberia
65%
Longest river in ChinaYangtze
59%
The least-populous U.S. stateWyoming
55%
Major Mexican peninsulaYucatan
55%
City with Germany's largest portHamburg
51%
Oceanic nation. Its capital is Port VilaVanuatu
44%
Largest island entirely in IndonesiaSumatra
42%
Its cities include Tampere, Turku, and VaasaFinland
41%
Capital of SicilyPalermo
41%
Country called Hrvatska in its native languageCroatia
40%
Capital of AndalusiaSeville
37%
Victoria Falls lies on this African riverZambezi
32%
Portuguese island chain known for fortified wineMadeira
30%
Former name of TaiwanFormosa
28%
"The Detroit of India"Chennai
23%
Krung ThepBangkok
22%
French caves famous for prehistorical paintingsLascaux
12%

Score Distribution

Percentile by Number Answered

Percent of People with Each Score

Your Score History

You have not taken this quiz since the last reset